书目信息 |
| 题名: |
化学
|
|
| 作者: | ;中等专业学校化学编写组 编 | |
| 分册: | ||
| 出版信息: | 北京 人民教育出版社 1960 |
|
| 页数: | 210页 | |
| 开本: | 20cm | |
| 丛书名: | ||
| 单 册: | ||
| 中图分类: | O6-43 | |
| 科图分类: | ||
| 主题词: | 化学 | |
| 电子资源: | ||
| ISBN: | ||
| 000 | 00619nam0 2200205 450 | |
| 001 | 0657508766 | |
| 005 | 20060731151351.09 | |
| 010 | @dCNY0.60 | |
| 100 | @a20060725d1960 km y0chiy0120 ea | |
| 101 | 0 | @achi |
| 102 | @aCN@b110000 | |
| 102 | @aCN@b110000 | |
| 200 | 1 | @a化学@Ahua xue@f中等专业学校化学编写组编@Fzhong deng zhuan ye xue xiao hua xue bian xie zu bian |
| 210 | @a北京@c人民教育出版社@d1960 | |
| 215 | @a210页@d20cm | |
| 606 | 0 | @a化学 |
| 690 | @aO6-43@v3 | |
| 711 | 0 | @a中等专业学校化学编写组@Azhong deng zhuan ye xue xiao hua xue bian xie zu@4编 |
| 801 | 0 | @aCN@bPFT@c20060731 |
| 905 | @a10447@dO6-43@e325 | |
| 化学/中等专业学校化学编写组编.-北京:人民教育出版社,1960 |
| 210页;20cm |
| ISBN :CNY0.60 |
| ● |
| 相关链接 |
|
|
|
|
正题名:化学
索取号:O6-43/325
 
预约/预借
| 序号 | 登录号 | 条形码 | 馆藏地/架位号 | 状态 | 备注 |
| 1 | 0432853 | 204328539 | 密集书库/ [索取号:O6-43/325] | 在馆 | |
| 2 | 0443110 | 204431105 | 密集书库/ [索取号:O6-43/325] | 在馆 | |
| 3 | 0443111 | 204431114 | 密集书库/ [索取号:O6-43/325] | 在馆 |